000 00665nam a2200229 a 4500
008
020 _a0309032806 (pbk.)
049 _aMAIN
090 _aRC262
_bDIE
245 1 0 _aDiet, nutrition, and cancer /
_bAssembly of Life Sciences.
260 _aWashington, D.C. :
_bNational Academy Press,
_c1982.
300 _axii, 478 p. ;
_c23 cm.
500 _aIncludes index.
500 _a Includes bibliographical references.
650 _aNutrition and cancer.
650 _aDiet.
907 _a.b10251273
_b18-07-11
_c17-09-07
003
005 20230120203953.0
040 _cNUST
942 _cBOOKS
_kRC262
_mDIE
999 _c114814
_d114814